<?xml version="1.0" encoding="UTF-8"?><?xml-stylesheet type="text/xsl" href="static/style.xsl"?><OAI-PMH xmlns="http://www.openarchives.org/OAI/2.0/" xmlns:xsi="http://www.w3.org/2001/XMLSchema-instance" xsi:schemaLocation="http://www.openarchives.org/OAI/2.0/ http://www.openarchives.org/OAI/2.0/OAI-PMH.xsd"><responseDate>2026-04-17T11:54:46Z</responseDate><request verb="GetRecord" identifier="oai:www.recercat.cat:2099.1/11147" metadataPrefix="marc">https://recercat.cat/oai/request</request><GetRecord><record><header><identifier>oai:recercat.cat:2099.1/11147</identifier><datestamp>2025-07-22T16:56:43Z</datestamp><setSpec>com_2072_1033</setSpec><setSpec>col_2072_452951</setSpec></header><metadata><record xmlns="http://www.loc.gov/MARC21/slim" xmlns:dcterms="http://purl.org/dc/terms/" xmlns:xsi="http://www.w3.org/2001/XMLSchema-instance" xmlns:doc="http://www.lyncode.com/xoai" xsi:schemaLocation="http://www.loc.gov/MARC21/slim http://www.loc.gov/standards/marcxml/schema/MARC21slim.xsd">
   <leader>00925njm 22002777a 4500</leader>
   <datafield ind2=" " ind1=" " tag="042">
      <subfield code="a">dc</subfield>
   </datafield>
   <datafield ind2=" " ind1=" " tag="720">
      <subfield code="a">Montero Sellés, Carles</subfield>
      <subfield code="e">author</subfield>
   </datafield>
   <datafield ind2=" " ind1=" " tag="260">
      <subfield code="c">2010-10</subfield>
   </datafield>
   <datafield ind2=" " ind1=" " tag="520">
      <subfield code="a">El modernisme va ser un moviment cultural produït a Occident a la fi del segle XIX i al començament del segle XX. En art, tot i que a Catalunya te un sentit molt mes ampli, va tenir incidència sobretot en l'arquitectura i les arts decoratives. El modernisme es coneix a d'altres països com a Art Nouveau (a Franca i a Bèlgica), Modern Style (a Anglaterra),Tiffany (a EUA) Jugendstil (a Alemanya), Sezessionstil o Wiener Sezession (a Àustria), Style 1900, Style Noville, Florale, Stile Liberty (a Itàlia), Modernismo (a Espanya). Si be existeix certa relació que els fa reconèixer com a part del mateix corrent, en cada país el seu desenvolupament es va expressar amb característiques distintives. La principal pretensió del Modernisme era una transformació de la societat a través de la cultura, és a dir, volia passar d’una cultura regional i tradicionalista a una altra nacional que fos autosuficient i moderna. El seu inici coincideix, i en part s’explica, amb la situació de la burgesia que tanca una etapa d’obsessiva acumulació de capital, generadora d’una ètica d’estalvi i treball, i n’entra en una altra de modernització, de creixent consum capitalista en que sobretot els sectors més joves volen començar a gaudir de la riquesa acumulada. Sota el impuls del capitalisme la ciutat es transformarà. La rica burgesia industrial es farà construir els seus habitatges amb profusió de miradors i balcons, d’espais amplis i airosos; en el seu interior, paviments, sostres i xemeneies, portes i vidrieres, mobles, catifes i llums, tot estarà integrat en la arquitectura en un intent d’art total. L’arquitecte necessitarà doncs, envoltar-se de bons artesans.Les característiques generals que permeten reconèixer el modernisme decoratiu pròpiament dit son: - La inspiració en la naturalesa i l’ús profús d'elements d'origen natural però amb preferència en els vegetals i les formes arrodonides de tipus orgànic entrellaçant-se amb el motiu central. - L’ús de la línia corbada i l'asimetria, tant en les plantes i alçats dels edificis com en la decoració. En aquesta ultima es molt freqüent l’ús de l'anomenada “línia fuet - Una forta tendència a l’ús d'imatges femenines, les quals es mostren en actituds delicades i gràcils, amb un aprofitament generós de les ones en els cabells i els plecs de les vestimentes. - La llibertat en l’ús de motius de tipus exòtic, siguin aquests de pura fantasia o amb inspiració en diferents cultures llunyanes o antigues.</subfield>
   </datafield>
   <datafield tag="653" ind2=" " ind1=" ">
      <subfield code="a">Àrees temàtiques de la UPC::Arquitectura::Composició arquitectònica::Estils arquitectònics</subfield>
   </datafield>
   <datafield tag="653" ind2=" " ind1=" ">
      <subfield code="a">Àrees temàtiques de la UPC::Edificació</subfield>
   </datafield>
   <datafield tag="653" ind2=" " ind1=" ">
      <subfield code="a">Architecture -- Spain -- Catalonia -- History -- 19th century</subfield>
   </datafield>
   <datafield tag="653" ind2=" " ind1=" ">
      <subfield code="a">Hospitals</subfield>
   </datafield>
   <datafield tag="653" ind2=" " ind1=" ">
      <subfield code="a">Old age homes</subfield>
   </datafield>
   <datafield tag="653" ind2=" " ind1=" ">
      <subfield code="a">Art nouveau (Architecture)</subfield>
   </datafield>
   <datafield tag="653" ind2=" " ind1=" ">
      <subfield code="a">Patrimoni històric – Catalunya – Sant Pere de Ribes</subfield>
   </datafield>
   <datafield tag="653" ind2=" " ind1=" ">
      <subfield code="a">Hospitals -- Catalunya -- Sant Pere de Ribes</subfield>
   </datafield>
   <datafield tag="653" ind2=" " ind1=" ">
      <subfield code="a">Residències de persones grans -- Catalunya -- Sant Pere de Ribes</subfield>
   </datafield>
   <datafield tag="653" ind2=" " ind1=" ">
      <subfield code="a">Modernisme (Arquitectura) -- Catalunya -- Sant Pere de Ribes</subfield>
   </datafield>
   <datafield tag="653" ind2=" " ind1=" ">
      <subfield code="a">Font i Gumà, Josep, 1859-1922</subfield>
   </datafield>
   <datafield tag="653" ind2=" " ind1=" ">
      <subfield code="a">Redós de Sant Josep i Sant Pere (Sant Pere de Ribes, Catalunya)</subfield>
   </datafield>
   <datafield ind2="0" ind1="0" tag="245">
      <subfield code="a">El Redós de Sant Josep i Sant Pere</subfield>
   </datafield>
</record></metadata></record></GetRecord></OAI-PMH>